...

NIRU LIBRARY

Understanding new media : (Record no. 282)

MARC details
000 -LEADER
fixed length control field 00814cam a2200253 i 4500
003 - CONTROL NUMBER IDENTIFIER
control field OSt
005 - DATE AND TIME OF LATEST TRANSACTION
control field 20230627102509.0
008 - FIXED-LENGTH DATA ELEMENTS--GENERAL INFORMATION
fixed length control field 151008s2016 nyu b 000 0 eng
020 ## - INTERNATIONAL STANDARD BOOK NUMBER
International Standard Book Number 9781433131479
040 ## - CATALOGING SOURCE
Transcribing agency NIRUC
050 00 - LIBRARY OF CONGRESS CALL NUMBER
Classification number P90
Item number .L64 2016
100 1# - MAIN ENTRY--PERSONAL NAME
Personal name Logan, Robert K.
245 10 - TITLE STATEMENT
Title Understanding new media :
Remainder of title extending Marshall McLuhan /
Statement of responsibility, etc. Robert K. Logan
250 ## - EDITION STATEMENT
Edition statement 2nd ed.
264 #1 - PRODUCTION, PUBLICATION, DISTRIBUTION, MANUFACTURE, AND COPYRIGHT NOTICE
Place of production, publication, distribution, manufacture New York
Name of producer, publisher, distributor, manufacturer Peter Lang
Date of production, publication, distribution, manufacture, or copyright notice 2016
300 ## - PHYSICAL DESCRIPTION
Extent xviii, 470 p.
Dimensions 23 cm.
490 0# - SERIES STATEMENT
Series statement Understanding media ecology ;
Volume/sequential designation vol. 2
504 ## - BIBLIOGRAPHY, ETC. NOTE
Bibliography, etc. note Includes bibliographical references
600 10 - SUBJECT ADDED ENTRY--PERSONAL NAME
Personal name McLuhan, Marshall
Dates associated with a name 1911-1980
Title of a work Understanding media
650 #0 - SUBJECT ADDED ENTRY--TOPICAL TERM
Topical term or geographic name entry element Mass media
General subdivision History
Chronological subdivision 20th century
650 #0 - SUBJECT ADDED ENTRY--TOPICAL TERM
Topical term or geographic name entry element Mass media
General subdivision History
Chronological subdivision 21st century
650 #0 - SUBJECT ADDED ENTRY--TOPICAL TERM
Topical term or geographic name entry element Mass media
General subdivision Technological innovations
942 ## - ADDED ENTRY ELEMENTS (KOHA)
Source of classification or shelving scheme Library of Congress Classification
Koha item type Books
Suppress in OPAC No
Holdings
Withdrawn status Lost status Source of classification or shelving scheme Damaged status Not for loan Home library Current library Shelving location Date acquired Total checkouts Full call number Barcode Date last seen Date last checked out Price effective from Koha item type
    Library of Congress Classification     NIRU LIBRARY NIRU LIBRARY On display 06/27/2023 1 P90 .L64 2016 2023-0646 05/28/2024 05/02/2024 06/27/2023 Books
    Library of Congress Classification     NIRU LIBRARY NIRU LIBRARY On display 06/27/2023   P90 .L64 2016 2023-0647 06/27/2023   06/27/2023 Books
Copyright © 2025&6. National Intelligence and Research University. All Rights Reserved.